[Event "24th ch-EUR Indiv 2024"]
[Site "Petrovac MNE"]
[Date "2024.11.13"]
[Round "6.54"]
[White "Piorun, Kacper"]
[Black "Sieciechowicz, Marcin"]
[Result "1-0"]
[WhiteTitle "GM"]
[BlackTitle "IM"]
[WhiteElo "2580"]
[BlackElo "2416"]
[WhiteFideId "1130420"]
[BlackFideId "1130170"]
[EventDate "2024.11.08"]

1. e4 e5 2. Nf3 Nf6 3. Nc3 Nc6 4. Bb5 Nd4 5. O-O Nxb5 6. Nxb5 c6 7. Nc3 d6 8. d4
Qc7 9. h3 Be7 10. a4 h6 11. Re1 g5 12. Nh2 Rg8 13. Nf1 h5 14. a5 g4 15. h4 Nd7
16. Ng3 Bxh4 17. Nxh5 Nf6 18. Ng3 Be6 19. Be3 Bg5 20. Qd2 Bxe3 21. Qxe3 a6 22.
dxe5 dxe5 23. Na4 Nd7 24. b4 O-O-O 25. Rec1 Kb8 26. c4 Qd6 27. Rab1 Qd4 28. Qe1
Nf6 29. Nc5 Qd2 30. Qxd2 Rxd2 31. b5 axb5 32. cxb5 cxb5 33. Rxb5 Rc8 34. Rxb7+
Ka8 35. Rb6 Rd6 36. Ne2 Rd7 37. Ra6+ Ra7 38. Rxa7+ Kxa7 39. Nxe6 Rxc1+ 40. Nxc1
fxe6 41. Nd3 Ka6 42. Nxe5 Kxa5 43. Kf1 Kb5 44. Ke2 Nxe4 45. Nxg4 Kc6 46. Ke3 Nc5
47. Nf6 Nb7 48. g4 Kd6 49. Ne4+ Ke7 50. Kf4 Kf7 51. Ke5 Ke7 52. g5 Na5 53. g6
Nc6+ 54. Kf4 Kf8 55. Kg5 Kg7 56. Ng3 Ne7 57. Nh5+ Kg8 58. Kf6 1-0

[Event "24th ch-EUR Indiv 2024"]
[Site "Petrovac MNE"]
[Date "2024.11.13"]
[Round "6.55"]
[White "Vogel, Roven"]
[Black "Prokofiev, Valentyn"]
[Result "1/2-1/2"]
[WhiteTitle "GM"]
[BlackTitle "FM"]
[WhiteElo "2558"]
[BlackElo "2411"]
[WhiteFideId "12908088"]
[BlackFideId "14160161"]
[EventDate "2024.11.08"]

1. d4 d5 2. c4 e6 3. Nc3 Nf6 4. cxd5 exd5 5. Bg5 c6 6. e3 h6 7. Bh4 Be7 8. Bd3
O-O 9. Nge2 Re8 10. O-O Nbd7 11. f3 b5 12. Rc1 Bb7 13. Bf2 a6 14. Ng3 c5 15.
dxc5 Bxc5 16. Nf5 Rc8 17. Bb1 Ne5 18. b3 Qb6 19. Ne2 b4 20. Qd2 a5 21. Nf4 g6
22. Nd4 Nc6 23. Nd3 Bf8 24. Nxc6 Bxc6 25. Rfd1 Qb7 26. Nf4 Bg7 27. Ne2 Bd7 28.
h3 Rxc1 29. Rxc1 Rc8 30. Rd1 Bc6 31. Nd4 Bd7 32. Bg3 Ne8 33. Ne2 Bc6 34. Nd4 Bd7
35. Bf4 h5 36. Qf2 Nc7 37. Qg3 Nb5 38. Nxb5 Qxb5 39. Kf2 Re8 40. Qg5 Bc6 41. g4
hxg4 42. hxg4 Qc5 43. Rh1 Qe7 44. Qxe7 Rxe7 45. Bd6 Rd7 46. Bc5 d4 47. exd4
Bxd4+ 48. Bxd4 Rxd4 49. Rc1 Rd6 50. g5 a4 51. Rc4 axb3 52. axb3 Rd2+ 53. Ke3 Rb2
54. Bd3 Bd5 55. Rxb4 Rxb3 56. Rxb3 Bxb3 57. f4 1/2-1/2

[Event "24th ch-EUR Indiv 2024"]
[Site "Petrovac MNE"]
[Date "2024.11.13"]
[Round "6.56"]
[White "Agdelen, Huseyin Can"]
[Black "Asadli, Vugar"]
[Result "1/2-1/2"]
[WhiteTitle "IM"]
[BlackTitle "GM"]
[WhiteElo "2407"]
[BlackElo "2554"]
[WhiteFideId "6352260"]
[BlackFideId "13405764"]
[EventDate "2024.11.08"]

1. e4 c5 2. Nf3 e6 3. d4 cxd4 4. Nxd4 Nf6 5. Nc3 Bb4 6. e5 Nd5 7. Bd2 Nxc3 8.
bxc3 Bf8 9. Bd3 Na6 10. O-O Nc5 11. Qf3 Rb8 1/2-1/2

[Event "24th ch-EUR Indiv 2024"]
[Site "Petrovac MNE"]
[Date "2024.11.13"]
[Round "6.57"]
[White "Paichadze, Luka"]
[Black "Socko, Monika"]
[Result "1/2-1/2"]
[WhiteTitle "GM"]
[BlackTitle "GM"]
[WhiteElo "2546"]
[BlackElo "2403"]
[WhiteFideId "13602934"]
[BlackFideId "1106619"]
[EventDate "2024.11.08"]

1. e4 e6 2. d4 d5 3. e5 c5 4. c3 Nc6 5. Nf3 Bd7 6. Be2 Nge7 7. O-O Ng6 8. Be3
Be7 9. g3 cxd4 10. cxd4 f6 11. exf6 Bxf6 12. Nc3 O-O 13. Ne1 Nge7 14. g4 Nc8 15.
f4 Nd6 16. b3 Be8 17. Nf3 Bg6 18. Ne5 Ne4 19. Nxe4 Bxe4 20. Nxc6 bxc6 21. Rc1
Rc8 22. Bd3 Bxd3 23. Qxd3 Be7 24. Rf3 Bd6 25. Rcf1 Qh4 26. h3 Qe7 27. Qe2 c5 28.
dxc5 Bxc5 29. Bxc5 Qxc5+ 30. Kg2 Qd6 31. Re1 Rc6 32. Qe5 Rc2+ 33. Kg3 Qxe5 34.
Rxe5 Rxa2 35. Rxe6 Rb8 36. Ree3 Rd2 37. f5 Kf7 38. Kf4 h6 39. Rd3 Rxd3 40. Rxd3
Kf6 41. Rxd5 Rb4+ 42. Kg3 Rxb3+ 43. Kh4 Ra3 1/2-1/2

[Event "24th ch-EUR Indiv 2024"]
[Site "Petrovac MNE"]
[Date "2024.11.13"]
[Round "6.58"]
[White "Ivanisevic, Ivan"]
[Black "Defromont, Benjamin"]
[Result "0-1"]
[WhiteTitle "GM"]
[BlackTitle "IM"]
[WhiteElo "2544"]
[BlackElo "2399"]
[WhiteFideId "912417"]
[BlackFideId "36068829"]
[EventDate "2024.11.08"]

1. d4 Nf6 2. c4 c5 3. d5 b5 4. Bg5 Ne4 5. Bf4 Qa5+ 6. Nd2 g5 7. Be5 Rg8 8. Nf3
d6 9. b4 cxb4 10. Nxe4 dxe5 11. e3 g4 12. Nfd2 f5 13. Nb3 Qd8 14. Nec5 a5 15.
cxb5 a4 16. Nd2 Qxd5 17. Rc1 Nd7 18. Nxa4 Rg6 19. Qb3 Bb7 20. Rc7 Kd8 21. Bc4
Qxg2 22. Rxd7+ Kxd7 23. Rf1 Rc8 24. Qxb4 Rd6 25. Nc5+ Ke8 26. b6 e6 27. Qb5+ Kf7
28. a4 Be7 29. Nd7 Rd8 30. Nxe5+ Kg7 31. Nd3 Bf6 32. Qb3 Be4 33. b7 Bxb7 34. Nf4
Rxd2 35. Nxg2 Rd1+ 36. Qxd1 Bc3+ 0-1

[Event "24th ch-EUR Indiv 2024"]
[Site "Petrovac MNE"]
[Date "2024.11.13"]
[Round "6.59"]
[White "Bournel, Antoine"]
[Black "Keinanen, Toivo"]
[Result "1/2-1/2"]
[WhiteTitle "IM"]
[BlackTitle "IM"]
[WhiteElo "2403"]
[BlackElo "2541"]
[WhiteFideId "26093553"]
[BlackFideId "509825"]
[EventDate "2024.11.08"]

1. d4 d5 2. c4 e6 3. Nf3 Nf6 4. Nc3 Be7 5. Bf4 O-O 6. e3 c5 7. dxc5 Bxc5 8. Qc2
Nc6 9. a3 Qa5 10. Rd1 Rd8 11. Nd2 d4 12. Nb3 Qb6 13. Na4 Bb4+ 14. axb4 Qxb4+ 15.
Nd2 Qa5 16. Qb3 e5 17. Bg5 Nb4 18. Be2 Bd7 19. Ra1 b5 20. Bxf6 gxf6 21. O-O bxa4
22. Qd1 Qb6 23. Bf3 Rac8 24. exd4 exd4 25. Ra3 d3 26. Be4 f5 27. Bxd3 Be6 28.
Be2 Qd4 29. Nb1 Qxb2 30. Qxa4 Nc6 31. Bh5 Ne5 32. Qxa7 Bxc4 33. Rg3+ Kh8 34. Qe7
Nd3 35. Bxf7 Bxf7 36. Rxd3 Rxd3 37. Qxf7 Rdd8 38. Qe6 Rc1 39. Nd2 Rxf1+ 40. Nxf1
Rf8 41. h3 f4 42. Qe7 Qg7 43. Qxg7+ Kxg7 44. Nd2 Rd8 45. Ne4 Rd4 46. f3 Rc4 47.
Kh2 Kg6 48. Nd6 Rc6 49. Ne4 Kf5 50. h4 Rc1 51. Ng5 Kg6 52. Ne6 Rc4 53. Kh3 Kf5
54. Ng5 Rc7 55. Kh2 Rb7 56. Nh3 Ra7 57. Ng5 Rg7 58. Kh3 Re7 59. Kh2 Rd7 60. Kh3
Rc7 61. Kh2 Rb7 62. Kh3 Ra7 63. Kh2 Rc7 64. Kh3 Rb7 65. Kh2 Ra7 66. Kh3 Re7 67.
Kh2 Kg6 68. Nh3 Rf7 69. Ng5 Ra7 70. Kh3 Kh5 71. Ne4 Ra6 72. Nc5 Ra1 73. Kh2 Kxh4
74. Ne6 Ra4 75. Nxf4 Ra6 76. Nh3 Ra1 77. Nf2 Ra2 78. Ne4 Rb2 79. Kh1 Ra2 80. Kh2
Ra1 81. Nf2 Kg5 82. Kg3 Ra8 83. Nh3+ Kf5 84. Kf2 Rg8 85. Kf1 Ke5 86. Kf2 Ra8 87.
Ng5 Kf4 88. Nh3+ Kf5 89. Kg3 Ke5 90. Kf2 Kd4 91. Ng5 Ra7 92. Ne6+ Kd3 93. Nc5+
Kc4 94. Ne4 Kd4 95. Ng5 Kd3 96. Nh3 Ra2+ 97. Kg1 Ke3 98. Kh2 Ke2 99. Kg1 Ra1+
100. Kh2 Kf1 101. Nf4 Ra4 102. Kg3 Ra8 103. Kh2 Rg8 104. Kh1 Rf8 105. Nh3 Rf5
106. Kh2 Rf6 107. Kh1 Ra6 108. Kh2 Ra4 109. Kh1 Ra2 110. Nf4 Kf2 111. Kh2 Ra1
112. Nh3+ Ke3 113. Ng5 Ra5 114. Nh3 Ra8 115. Ng5 Rg8 116. Nh3 Rg7 117. Kg1 Kd2
118. Kh1 Ke2 119. Kg1 Rg8 120. Nf4+ Ke3 121. Nh3 Rg7 122. Kh1 Ke2 123. Kg1 Rf7
124. Ng5 Ra7 1/2-1/2

[Event "24th ch-EUR Indiv 2024"]
[Site "Petrovac MNE"]
[Date "2024.11.13"]
[Round "6.60"]
[White "Domalchuk-Jonasson, Aleksandr"]
[Black "Quparadze, Giga"]
[Result "0-1"]
[WhiteTitle "IM"]
[BlackTitle "GM"]
[WhiteElo "2399"]
[BlackElo "2533"]
[WhiteFideId "14142805"]
[BlackFideId "13602250"]
[EventDate "2024.11.08"]

1. d4 Nf6 2. c4 e6 3. Nc3 Bb4 4. f3 c5 5. d5 b5 6. e4 d6 7. Ne2 bxc4 8. Nf4 g5
9. Ne2 exd5 10. exd5 Qe7 11. Bxg5 Bxc3+ 12. bxc3 Nbd7 13. Qd2 Rg8 14. h4 Ne5 15.
Kf2 h6 16. Bxh6 Nd3+ 17. Kg1 Rb8 18. Nd4 cxd4 19. Bxd3 dxc3 20. Qxc3 Nxd5 21.
Qxc4 Ne3 22. Bxe3 Qxe3+ 23. Kh2 Qf2 24. Bf1 Kf8 25. Qf4 Rg6 26. Rc1 Bf5 27. Rg1
Kg8 28. Kh1 Rg4 29. Rc4 Rxf4 30. Rxf4 Rb1 31. Kh2 Be6 0-1

[Event "24th ch-EUR Indiv 2024"]
[Site "Petrovac MNE"]
[Date "2024.11.13"]
[Round "6.61"]
[White "Neverov, Valeriy"]
[Black "Grigoriants, Sergey"]
[Result "1/2-1/2"]
[WhiteTitle "GM"]
[BlackTitle "GM"]
[WhiteElo "2401"]
[BlackElo "2531"]
[WhiteFideId "14100150"]
[BlackFideId "4130804"]
[EventDate "2024.11.08"]

1. d4 Nf6 2. c4 e6 3. Nf3 d5 4. Nc3 dxc4 5. e3 a6 6. Bxc4 b5 7. Be2 Bb7 8. O-O
Nbd7 9. b3 Nb8 10. Nb1 Bc8 1/2-1/2

[Event "24th ch-EUR Indiv 2024"]
[Site "Petrovac MNE"]
[Date "2024.11.13"]
[Round "6.62"]
[White "Ermitsch, Magnus"]
[Black "Kacharava, Nikolozi"]
[Result "1-0"]
[WhiteTitle "FM"]
[BlackTitle "GM"]
[WhiteElo "2399"]
[BlackElo "2525"]
[WhiteFideId "16234464"]
[BlackFideId "13611860"]
[EventDate "2024.11.08"]

1. e4 e5 2. Nf3 Nc6 3. d4 exd4 4. Nxd4 Bc5 5. Be3 Qf6 6. c3 Nge7 7. Bc4 b6 8.
O-O Bb7 9. Nb3 Ne5 10. Nxc5 bxc5 11. Be2 Bxe4 12. f3 Bxb1 13. Rxb1 d6 14. Qa4+
c6 15. b4 Nd5 16. Bd2 Nb6 17. Qc2 c4 18. f4 Qg6 19. Qd1 Ned7 20. a4 O-O 21. a5
Nc8 22. Bxc4 d5 23. Ba6 Nd6 24. Be3 Rfe8 25. Bd4 f5 26. Qa4 Nb8 27. Bd3 Ne4 28.
Bxe4 Rxe4 29. Rbe1 Nd7 30. Rxe4 fxe4 31. c4 Qe6 32. f5 Qd6 33. c5 Qc7 34. Qa1
Re8 35. Bxg7 Ne5 36. f6 Qf7 37. Qd4 Qg6 38. Qxe5 Rxe5 39. f7+ Qxf7 40. Rxf7 1-0

[Event "24th ch-EUR Indiv 2024"]
[Site "Petrovac MNE"]
[Date "2024.11.13"]
[Round "6.63"]
[White "Alexakis, Dimitris"]
[Black "Kalezic, Blazo"]
[Result "1/2-1/2"]
[WhiteTitle "IM"]
[BlackTitle "IM"]
[WhiteElo "2520"]
[BlackElo "2394"]
[WhiteFideId "4277023"]
[BlackFideId "921815"]
[EventDate "2024.11.08"]

1. e4 e6 2. d4 d5 3. Nc3 Nf6 4. Bg5 Be7 5. e5 Nfd7 6. Bxe7 Qxe7 7. f4 a6 8. Qg4
f5 9. exf6 Nxf6 10. Qh4 c5 11. Nf3 cxd4 12. Nxd4 Nc6 13. O-O-O Nxd4 14. Rxd4 O-O
15. Rd1 b5 16. Bd3 Qc7 17. Rhe1 b4 18. Ne2 a5 19. Nd4 a4 20. Rxe6 a3 21. Nb5
axb2+ 22. Kxb2 Rxa2+ 23. Kxa2 Qa5+ 24. Kb2 Bxe6 25. Ra1 Qb6 26. Ra7 Bf7 27. g4
Be8 28. Qg5 Rf7 29. Ra8 Rf8 30. Ra7 Rf7 31. Ra8 Rf8 32. Ra7 1/2-1/2

[Event "24th ch-EUR Indiv 2024"]
[Site "Petrovac MNE"]
[Date "2024.11.13"]
[Round "6.64"]
[White "Ozenir, Ekin Baris"]
[Black "Brunello, Sabino"]
[Result "1/2-1/2"]
[WhiteTitle "IM"]
[BlackTitle "GM"]
[WhiteElo "2392"]
[BlackElo "2518"]
[WhiteFideId "6357415"]
[BlackFideId "813613"]
[EventDate "2024.11.08"]

1. Nf3 Nf6 2. c4 e6 3. d4 d5 4. Nc3 dxc4 5. e3 a6 6. a4 c5 7. Bxc4 Nc6 8. O-O
Be7 9. Qe2 cxd4 10. Rd1 e5 11. exd4 exd4 12. Nxd4 Nxd4 13. Qe5 Qd6 14. Qxd4 Qxd4
15. Rxd4 Bc5 16. Rd1 O-O 17. h3 Be6 18. Bxe6 fxe6 1/2-1/2

[Event "24th ch-EUR Indiv 2024"]
[Site "Petrovac MNE"]
[Date "2024.11.13"]
[Round "6.65"]
[White "Lashkin, Jegor"]
[Black "Sliwicka, Alicja"]
[Result "1/2-1/2"]
[WhiteTitle "IM"]
[BlackTitle "WGM"]
[WhiteElo "2518"]
[BlackElo "2380"]
[WhiteFideId "13907808"]
[BlackFideId "1150677"]
[EventDate "2024.11.08"]

1. d4 d5 2. c4 e6 3. Nf3 Nf6 4. Nc3 Bb4 5. Bg5 h6 6. Bxf6 Qxf6 7. e3 O-O 8. Qb3
c5 9. cxd5 exd5 10. dxc5 Bxc3+ 11. Qxc3 Qxc3+ 12. bxc3 Nd7 13. Rd1 Nf6 14. Nd4
Bd7 15. f3 Rfc8 16. Nb3 Ba4 17. h4 Bxb3 18. axb3 Rxc5 19. Kd2 Rac8 20. Bd3 h5
21. Ra1 a6 22. Rhc1 g6 23. b4 R5c7 24. b5 axb5 25. Bxb5 Nd7 26. Bxd7 Rxd7 27.
Ra5 Rc4 28. g3 b6 29. Rb5 Rd6 30. Rcb1 Rcc6 31. R1b4 Kg7 32. Kd3 Rf6 33. Rf4
Rfd6 34. Rb3 Rc5 35. Ra3 Rdc6 36. Rb4 Rf6 37. Ke2 Rfc6 38. Kd2 Kf6 39. Rf4+ Ke6
40. Kd3 Rb5 41. g4 hxg4 42. fxg4 Rb1 43. g5 Rc7 44. Ra8 Rb3 45. Re8+ Kd6 46.
Rf6+ Kc5 47. Rb8 b5 48. Kc2 Ra3 49. Kb2 Ra4 50. Rfb6 Kc4 51. Rxb5 Re7 52. Rb4+
Rxb4+ 53. Rxb4+ Kc5 54. Rf4 Rxe3 55. Rxf7 d4 56. Rc7+ Kd6 57. Rg7 dxc3+ 58. Kc2
Re6 59. Kxc3 Ke5 60. Rd7 Ra6 61. Rc7 Ra3+ 62. Kb4 Rh3 63. Rc4 Kf5 64. Kc5 Rd3
65. Kc6 Rd1 66. Rb4 Rd2 67. Ra4 Rd1 68. Kc7 Rd2 69. Rc4 Rd1 70. Kc6 Rd2 71. Kc5
Rd1 72. Ra4 Rd2 73. Ra6 Kg4 74. Rxg6 Kxh4 75. Rg8 Kh5 76. g6 Kh6 77. Kc4 Rg2 78.
Rh8+ Kg7 1/2-1/2

[Event "24th ch-EUR Indiv 2024"]
[Site "Petrovac MNE"]
[Date "2024.11.13"]
[Round "6.66"]
[White "Mikac, Matjaz"]
[Black "Peng, Li Min"]
[Result "0-1"]
[WhiteTitle "IM"]
[BlackTitle "GM"]
[WhiteElo "2392"]
[BlackElo "2516"]
[WhiteFideId "14600048"]
[BlackFideId "14112620"]
[EventDate "2024.11.08"]

1. e4 c5 2. c3 d5 3. exd5 Nf6 4. d4 Nxd5 5. Nf3 cxd4 6. cxd4 g6 7. Nc3 Bg7 8.
Bc4 Nxc3 9. bxc3 Qc7 10. Qb3 O-O 11. Ng5 e6 12. Ba3 Rd8 13. O-O Nc6 14. Be2 b6
15. Rac1 Bb7 16. Qb1 Rac8 17. Qd3 Rd5 18. Nf3 Ra5 19. Bb2 Rxa2 20. Qb1 Ra5 21.
c4 Rd8 22. Rfd1 Rf5 23. g3 Qe7 24. Nh4 Ra5 25. Nf3 Rf5 26. Nh4 Nxd4 27. Bxd4
Bxd4 28. Nxf5 exf5 29. Kf1 f4 30. Qd3 Be4 31. Qb3 Qf6 32. gxf4 Qxf4 33. Qg3 Qf6
34. Rd2 Re8 35. Rcd1 Bc5 36. Bd3 Bf3 37. Be2 Bc6 38. Rd3 Re5 39. Bf3 Rf5 40. Rd6
Bxd6 41. Rxd6 Qa1+ 42. Rd1 Qc3 43. Be2 Qxg3 44. hxg3 h5 0-1

[Event "24th ch-EUR Indiv 2024"]
[Site "Petrovac MNE"]
[Date "2024.11.13"]
[Round "6.67"]
[White "Gasparyan, Erik R."]
[Black "Rasulov, Vugar"]
[Result "1/2-1/2"]
[WhiteTitle "FM"]
[BlackTitle "GM"]
[WhiteElo "2371"]
[BlackElo "2511"]
[WhiteFideId "13315730"]
[BlackFideId "13402390"]
[EventDate "2024.11.08"]

1. d4 d6 2. e4 Nf6 3. Nc3 Nbd7 4. Nf3 e5 5. Bc4 Be7 6. O-O O-O 7. a4 a6 8. Re1
b6 9. b3 Bb7 10. Ba3 exd4 11. Nxd4 Re8 12. Nf5 Bf8 13. f3 g6 14. Ne3 Bg7 15. Qd2
h5 16. Rad1 h4 17. Ncd5 Nxd5 18. Bxd5 Bxd5 19. Nxd5 h3 20. g3 b5 21. Qa5 Ne5 22.
Rf1 Rc8 23. Bc1 Qd7 24. Bg5 Nxf3+ 25. Rxf3 Qg4 26. Rdf1 Qxg5 27. Qxa6 Qg4 28.
Qxb5 Qxe4 29. Qc4 Qxc4 30. bxc4 f5 31. Nf4 Kh7 32. Nxh3 Re2 33. Ng5+ Kg8 34. c3
Ra8 35. R1f2 Rxf2 36. Kxf2 Rxa4 37. c5 dxc5 38. Ne6 Ra2+ 39. Kg1 Rc2 40. Nxg7
Kxg7 41. Rd3 Kf6 42. Rd7 Rxc3 43. Rxc7 g5 44. h4 gxh4 45. gxh4 c4 46. h5 Rc1+
47. Kg2 Rc2+ 48. Kf3 Kg5 49. Rc5 Rc1 50. Ke2 Kg4 51. h6 f4 52. h7 Rh1 53. Rxc4
Rh2+ 54. Ke1 Kg3 55. Rc7 Rh1+ 56. Ke2 Rh2+ 57. Ke1 Rh6 58. Rb7 Kg2 59. Rb2+ Kf3
60. Rb3+ Kg2 61. Rb2+ Kg3 62. Rb7 Rh3 63. Ra7 Rh1+ 64. Ke2 Rh2+ 65. Ke1 Rh6 66.
Rb7 Kg2 67. Rb2+ Kg1 68. Rb7 1/2-1/2

[Event "24th ch-EUR Indiv 2024"]
[Site "Petrovac MNE"]
[Date "2024.11.13"]
[Round "6.68"]
[White "Krallis, Christos"]
[Black "Seo, Jung Min"]
[Result "1/2-1/2"]
[WhiteTitle "FM"]
[BlackTitle "IM"]
[WhiteElo "2390"]
[BlackElo "2505"]
[WhiteFideId "4298896"]
[BlackFideId "1734687"]
[EventDate "2024.11.08"]

1. d4 Nf6 2. c4 e6 3. g3 d5 4. Bg2 Bb4+ 5. Nd2 O-O 6. Nf3 b6 7. O-O Bb7 8. Ne5
Nbd7 9. Qa4 Bxd2 10. Bxd2 Nxe5 11. dxe5 Nd7 12. cxd5 Bxd5 13. Rfd1 Bxg2 14. Kxg2
Qc8 15. Bb4 c5 16. Qxd7 cxb4 17. Qxc8 Raxc8 18. Rac1 g6 19. Kf3 Rxc1 20. Rxc1
Rd8 21. Rc4 1/2-1/2

[Event "24th ch-EUR Indiv 2024"]
[Site "Petrovac MNE"]
[Date "2024.11.13"]
[Round "6.69"]
[White "Vestby-Ellingsen, Mads"]
[Black "Maksimovic, Bojan"]
[Result "1/2-1/2"]
[WhiteTitle "IM"]
[BlackTitle "IM"]
[WhiteElo "2368"]
[BlackElo "2504"]
[WhiteFideId "1520857"]
[BlackFideId "14408120"]
[EventDate "2024.11.08"]

1. e4 c5 2. Nf3 e6 3. d4 cxd4 4. Nxd4 a6 5. c4 Nf6 6. Nc3 d6 7. Be3 Be7 8. Be2
O-O 9. O-O b6 10. Rc1 Bb7 11. f3 Nbd7 12. Qd2 Rc8 13. Rfd1 Qc7 14. a3 Qb8 15. b4
h5 16. Bf1 Rfe8 17. Nb3 h4 18. Bf4 Ne5 19. Bxe5 dxe5 20. Qf2 Bc6 21. c5 bxc5 22.
Nxc5 Bxc5 23. bxc5 Qb3 24. Bxa6 Ra8 25. Bf1 Qxa3 26. Qxh4 Qxc5+ 27. Qf2 Qe7 28.
Bb5 Bxb5 29. Nxb5 Rec8 30. Nc3 Nh5 31. Qe3 Kh7 32. Ne2 Rxc1 33. Rxc1 Ra2 34. Rd1
Ra3 35. Qc1 Qa7+ 36. Kh1 f6 37. Qc8 Ra1 38. Rxa1 Qxa1+ 39. Qc1 Qa2 40. Qe1 Kg8 1/2-1/2

[Event "24th ch-EUR Indiv 2024"]
[Site "Petrovac MNE"]
[Date "2024.11.13"]
[Round "6.70"]
[White "Fernandez, Daniel Howard"]
[Black "Wallace, John Paul"]
[Result "1-0"]
[WhiteTitle "GM"]
[BlackTitle "IM"]
[WhiteElo "2503"]
[BlackElo "2368"]
[WhiteFideId "5801605"]
[BlackFideId "3200957"]
[EventDate "2024.11.08"]

1. e4 e6 2. d4 d5 3. Nc3 Nf6 4. Bg5 Be7 5. e5 Nfd7 6. h4 h6 7. Bxe7 Qxe7 8. f4
a6 9. Nf3 c5 10. Qd2 b5 11. h5 Nc6 12. Ne2 Bb7 13. c3 Nb6 14. b3 Rc8 15. Rh3 Nd7
16. Kf2 a5 17. Rg3 f5 18. a3 O-O 19. Kg1 b4 20. axb4 axb4 21. cxb4 Nxb4 22. dxc5
Qxc5+ 23. Nfd4 Qb6 24. Rg6 Rfe8 25. Qe3 Nc6 26. b4 Re7 27. Nxf5 exf5 28. Qxb6
Nxb6 29. b5 Nxe5 30. Rxb6 Nc4 31. Rg6 Re4 32. Ra7 Rc7 33. Nc3 Ree7 34. b6 Rc5
35. Nxd5 Rf7 36. Nc7 Nxb6 37. Rxb7 1-0

[Event "24th ch-EUR Indiv 2024"]
[Site "Petrovac MNE"]
[Date "2024.11.13"]
[Round "6.71"]
[White "Citak, Selim"]
[Black "Djukic, Nikola"]
[Result "1/2-1/2"]
[WhiteTitle "FM"]
[BlackTitle "GM"]
[WhiteElo "2366"]
[BlackElo "2499"]
[WhiteFideId "6301819"]
[BlackFideId "922412"]
[EventDate "2024.11.08"]

1. d4 Nf6 2. c4 g6 3. Nc3 Bg7 4. e4 d6 5. Be2 O-O 6. Nf3 e5 7. dxe5 dxe5 8. Qxd8
Rxd8 9. Bg5 Re8 10. Nd5 Nxd5 11. cxd5 c6 12. Bc4 cxd5 13. Bxd5 Nd7 14. Nd2 Nc5
15. O-O-O Be6 16. Bxe6 Nxe6 17. Be3 1/2-1/2

[Event "24th ch-EUR Indiv 2024"]
[Site "Petrovac MNE"]
[Date "2024.11.13"]
[Round "6.72"]
[White "Lavrencic, Matic"]
[Black "Ioannidis, Evgenios"]
[Result "1/2-1/2"]
[WhiteTitle "FM"]
[BlackTitle "GM"]
[WhiteElo "2366"]
[BlackElo "2497"]
[WhiteFideId "14637847"]
[BlackFideId "4229274"]
[EventDate "2024.11.08"]

1. e4 e5 2. Nf3 Nc6 3. Bb5 a6 4. Ba4 Nf6 5. O-O b5 6. Bb3 Bc5 7. Nc3 O-O 8. d3
h6 9. Nd5 d6 10. c3 Rb8 11. d4 Ba7 12. Be3 Nxd5 13. Bxd5 Ne7 14. dxe5 Bxe3 15.
fxe3 Nxd5 16. exd5 dxe5 17. Nxe5 Bb7 18. Qd4 Re8 19. Nc6 Bxc6 20. dxc6 Rb6 21.
Qd7 Qxd7 22. cxd7 Rd8 23. Rad1 Re6 24. Rf5 Kf8 25. Kf2 Ke7 26. a4 g6 27. Rf4
bxa4 28. Rxa4 Rxd7 1/2-1/2

[Event "24th ch-EUR Indiv 2024"]
[Site "Petrovac MNE"]
[Date "2024.11.13"]
[Round "6.73"]
[White "Girel, Joseph"]
[Black "Sherman, Raem"]
[Result "1-0"]
[WhiteTitle "GM"]
[BlackTitle "FM"]
[WhiteElo "2486"]
[BlackElo "2340"]
[WhiteFideId "36033561"]
[BlackFideId "2822288"]
[EventDate "2024.11.08"]

1. e4 e5 2. Nf3 Nc6 3. Bb5 g6 4. c3 a6 5. Bxc6 dxc6 6. d4 exd4 7. cxd4 Bg4 8.
Be3 Bxf3 9. gxf3 Bg7 10. Qb3 Ne7 11. Nc3 O-O 12. O-O-O b5 13. h4 a5 14. h5 a4
15. Qc2 Qd6 16. Kb1 Rfd8 17. hxg6 hxg6 18. Qc1 Qe6 19. Ne2 a3 20. b3 b4 21. Rh2
Ra5 22. Rdh1 c5 23. Bh6 Bf6 24. e5 Bh8 25. Bf8 Qf5+ 26. Ka1 Kxf8 27. Rxh8+ Ng8
28. Rxg8+ Ke7 29. Rxd8 Kxd8 30. Qf4 Qc2 31. Rh8+ Kd7 32. Qxf7+ Kc6 33. Qe6+ Kb7
34. Qd5+ 1-0

[Event "24th ch-EUR Indiv 2024"]
[Site "Petrovac MNE"]
[Date "2024.11.13"]
[Round "6.74"]
[White "Yarar, Bora"]
[Black "Kucuksari, Kaan"]
[Result "0-1"]
[WhiteTitle "FM"]
[BlackTitle "IM"]
[WhiteElo "2361"]
[BlackElo "2473"]
[WhiteFideId "34588400"]
[BlackFideId "6380166"]
[EventDate "2024.11.08"]

1. e4 c5 2. Nc3 Nc6 3. Bb5 Nd4 4. Nf3 Nxb5 5. Nxb5 a6 6. Nc3 d6 7. d4 cxd4 8.
Qxd4 e5 9. Qb4 Ne7 10. Qb3 Qc7 11. Ng5 d5 12. exd5 Nf5 13. Be3 Nxe3 14. fxe3 h6
15. Nf3 Be7 16. O-O O-O 17. a4 Bf5 18. Nd2 Bg6 19. Nde4 Rac8 20. Ng3 Bc5 21.
Rae1 Qb6 22. Qxb6 Bxb6 23. Nf5 Bxf5 24. Rxf5 Ba5 25. Rb1 f6 26. Rf2 Rfd8 27. Rd2
Rd7 28. Rd3 Rc4 29. Ra1 Bxc3 30. bxc3 e4 31. Rd4 Rxc3 32. Rad1 Rxe3 33. Rc4 f5
34. Kf2 Ra3 35. g4 g6 36. gxf5 gxf5 37. Rb1 Rf3+ 38. Kg2 Rg7+ 39. Kh1 Rf2 40.
Rc8+ Kh7 41. Rg1 e3 42. d6 Rxg1+ 43. Kxg1 Rd2 44. Re8 f4 45. Re7+ Kg6 46. d7 Kf6
47. Re4 Kf5 48. Re7 Kg4 49. Kf1 Kf3 50. Ke1 Rxh2 0-1

[Event "24th ch-EUR Indiv 2024"]
[Site "Petrovac MNE"]
[Date "2024.11.13"]
[Round "6.75"]
[White "Ilinca, Felix-Antonio"]
[Black "Fiedorek, Michal"]
[Result "1-0"]
[WhiteTitle "IM"]
[BlackTitle "FM"]
[WhiteElo "2470"]
[BlackElo "2295"]
[WhiteFideId "54764998"]
[BlackFideId "1199528"]
[EventDate "2024.11.08"]

1. d4 d5 2. Nc3 Nf6 3. Bf4 c6 4. e3 Bf5 5. f3 e6 6. g4 Bg6 7. h4 h5 8. g5 Ng8 9.
Qd2 Bd6 10. Nge2 Ne7 11. e4 Bxf4 12. Nxf4 Nd7 13. O-O-O Qb6 14. Bh3 O-O-O 15.
Rhe1 dxe4 16. fxe4 Ne5 17. Nxe6 fxe6 18. Bxe6+ Nd7 19. d5 cxd5 20. exd5 Qc5 21.
Qf4 Rhf8 22. Bxd7+ Kxd7 23. Qe5 Qd6 24. Qe2 Rf7 25. Nb5 Qf4+ 26. Kb1 Rc8 27.
Qe6+ Kd8 28. d6 Bxc2+ 29. Ka1 Bxd1 1-0

[Event "24th ch-EUR Indiv 2024"]
[Site "Petrovac MNE"]
[Date "2024.11.13"]
[Round "6.76"]
[White "Hovakimyan, Vache"]
[Black "Stoyanov, Tsvetan"]
[Result "1/2-1/2"]
[WhiteTitle "FM"]
[BlackTitle "IM"]
[WhiteElo "2319"]
[BlackElo "2465"]
[WhiteFideId "13317288"]
[BlackFideId "2917173"]
[EventDate "2024.11.08"]

1. d4 Nf6 2. c4 e6 3. Nc3 d5 4. cxd5 exd5 5. Bg5 Bb4 6. e3 h6 7. Bxf6 Qxf6 8.
Qb3 Qd6 9. a3 Bxc3+ 10. Qxc3 Bf5 11. Ne2 Nd7 12. Nf4 O-O 13. Bd3 Bxd3 14. Nxd3
a5 15. O-O a4 16. Rfc1 c6 17. b3 axb3 18. Qxb3 Ra7 19. Nc5 Nxc5 20. Rxc5 Rfa8
21. g3 1/2-1/2